| 000 | 00668nam a2200193Ia 4500 | ||
|---|---|---|---|
| 003 | IN-BaIIA | ||
| 008 | 211028s9999 xx 000 0 eng d | ||
| 020 | _a0-07-137506-6 | ||
| 040 | _cIIA Library | ||
| 100 |
_aKobb,Bennett Z _928756 |
||
| 245 | 0 |
_aWireless spectrum finder _btelecommunications, government and scientific radio frequency allocations in the US 30 MHz - 30 _cBennett Z. Kobb |
|
| 250 | _a6th ed. | ||
| 260 |
_aNewYork _bMcGraw-Hill _c2001 |
||
| 300 | _axii, 497p. | ||
| 650 |
_aScientific Radio Frequency Allocations _928757 |
||
| 650 |
_aTelecommunications _9658 |
||
| 650 |
_aWireless spectrum _928758 |
||
| 942 | _cBK | ||
| 999 |
_c15599 _d15599 |
||